Geography Grab Bag: Top 5 Quiz Stats

 Plays Quiz Updated Jun 4, 2015

Challenge
Share
Tweet
Embed
Score 0/40 Timer 08:00
12 Plays Today
Hint Answer % Correct
Countries by Forest AreaChina
97.4%
Most Populated CountriesChina
97.4%
Most Bordered CountriesChina (14)
97.3%
Most Populous US CitiesNew York, NY
96.4%
Largest US StatesTexas
95.7%
Countries by Forest AreaRussia
95.5%
Longest Coastline CountriesRussia
95.5%
Countries by Forest AreaUnited States of America
95.4%
Most Populated CountriesUnited States of America
95.2%
Most Bordered CountriesRussia (14)
95.2%
Longest RiversNile
94.4%
Most Populated CountriesIndia
93.7%
Largest US StatesAlaska
92.5%
Largest US StatesCalifornia
91.5%
Most Populous US CitiesLos Angeles, CA
91.3%
Countries by Forest AreaBrazil
91%
Most Populated CountriesBrazil
91%
Most Bordered CountriesBrazil (10)
90.7%
Countries by Forest AreaCanada
89.3%
Longest Coastline CountriesCanada
89.3%
Hint Answer % Correct
Longest RiversAmazon
87.6%
Most Populous US CitiesChicago, IL
83.9%
Largest IslandsGreenland
79.3%
Largest US StatesMontana
77.8%
Most Populated CountriesIndonesia
74.5%
Longest Coastline CountriesIndonesia
74.5%
Longest RiversMississippi-Missouri
73.8%
Most Bordered CountriesDRC/Germany (9)
73.1%
Most Populous US CitiesHouston, TX
70.7%
Largest IslandsMadagascar
70.3%
Largest US StatesNew Mexico
63.9%
Most Populous US CitiesPhiladelphia, PA
55.8%
Most Bordered CountriesFrance (10)
50%
Longest RiversChangjiang (Yangtze)
48.8%
Longest Coastline CountriesPhilippines
42.3%
Longest Coastline CountriesDenmark (including Greenland)
36.4%
Largest IslandsBorneo
32.1%
Largest IslandsBaffin Island
23.4%
Largest IslandsNew Guinea
21.3%
Longest RiversYenisey
6.9%

You're not logged in!

Compare scores with friends on all Sporcle quizzes.
Join for Free
OR
Log In

You Might Also Like...

Show Comments

Extras

Top Quizzes Today


Score Distribution

Your Account Isn't Verified!

In order to create a playlist on Sporcle, you need to verify the email address you used during registration. Go to your Sporcle Settings to finish the process.

Report this User

Report this user for behavior that violates our Community Guidelines.

Details: